| 000 | 01977cam a22002054a 4500 | ||
|---|---|---|---|
| 005 | 20250605164043.0 | ||
| 008 | 250528s ||||||||||||||||||||||||d | ||
| 035 | _a17036 | ||
| 020 | _a9600106029 | ||
| 040 |
_aGR-AtMCL _bgre _dGR-AtMCL _eAACR2 |
||
| 245 | 1 | _aΙδιότητα του Πολίτη και Κοινωνική Πράξη / Βιβλιοθήκη Κοινωνικής Επιστήμης και Κοινωνικής Πολιτικής | |
| 260 |
_bGutenberg, _c1995 |
||
| 300 | _a206 | ||
| 520 | _aΤα δύο αυτά δοκίμια θέτουν ένα φάσμα ερωτημάτων που βρίσκονται στο επίκεντρο όλων των σημερινών πολιτικών συζητήσεων. Εισαγωγή, Πρόλογος, Ιδιότητα του Πολίτη και Κοινωνική Τάξη, Η Παρουσίαση του Προβλήματος με τη Βοήθεια του Άλφρεντ Μάρσαλ, Η Ανάπτυξη της Ιδιότητας του Πολίτη μέχρι το Τέλος του Δεκάτου Ενάτου Αιώνα, Η Αρχική Επίδραση της Ιδιότητας του Πολίτη στην Κοινωνική Τάξη, Τα Κοινωνικά Δικαιώματα στον Εικοστό Αιώνα, Ιδιότητα του Πολίτη και Κοινωική Τάξη μετά από Σαράντα Χρόνια, Πολίτες και Κοινωνικές Τάξεις και Ισότητα, Καπιταλισμός και Σοσιαλισμός και Ιδιότητα του Πολίτη, Νέα Ερωτήματα για την Ιδιότητα του Πολίτη, Μεταβαλλόμενες Τάξεις και Μεταβαλλόμενες Δοξασίες, Εν Είδει Συμπεράσματος, Βιβλιογραφία, Ευρετήριο. | ||
| 700 | 1 |
_aBottomore Tom _9561 |
|
| 700 | 1 |
_aMarshall T.H _93107 |
|
| 942 | _cBK | ||
| 999 |
_c2476 _d2476 |
||